Aurillac - Choix multiples - Statistiques

Statistiques générales
  • Ce quiz a été pris 2 096 fois
    2 074 depuis la dernière actualisation
  • Le résultat moyen est 6 sur 10
Statistiques - réponses
Question Réponse % Correct
De quel département français Aurillac est-elle la préfecture ? Le Cantal
87%
De quelle saga cinématographique une célèbre parodie, saluée par Elijah Wood lui-même, a-t-elle été tournée à Aurillac et dans le reste du département ? Le Hobbit
78%
Dans quel sport Aurillac dispose-t-elle d'une équipe professionnelle évoluant historiquement en première ou deuxième division française ? Le rugby
70%
Quelle réputation météorologique nationale associe-t-on souvent à tort à la ville d'Aurillac ? Ville la plus froide
65%
Sur laquelle de ces images apparaît le château de Saint-Etienne, qui surplombe la ville ?
62%
Quel est le thème du festival se déroulant à Aurillac chaque année au mois d'août ? Le théâtre de rue
60%
Quel président de la République, mort assassiné en 1931, est né à Aurillac ? Paul Doumer
49%
La Jordanne est la rivière passant à Aurillac, mais de quel fleuve est elle un sous-affluent ? La Dordogne
39%
De quel produit Aurillac est-elle la capitale française ? Les parapluies
36%
Quel musée sur un pan de la culture locale ce dernier abrite-t-il ? Le muséum des volcans
28%
Aucun quiz correspondant
Distribution des résultats
% des personnes avec chaque résultat
Percentile par nombre de réponses
Votre historique - résultats
Vous n’avez pas pris ce quiz depuis la dernière actualisation